Pháp luật học

Trình bày những vấn đề cơ bản về nhà nước và pháp luật, các ngành luật trong hệ thống pháp luật Việt Nam, một số vấn đề cơ bản về luật và tư pháp quốc tế

保存先:
書誌詳細
第一著者: Nguyễn, Đức Chiến
フォーマット: 図書
言語:Undetermined
出版事項: Hà Nội Đại học Sư phạm Hà Nội 2009
主題:
タグ: タグ追加
タグなし, このレコードへの初めてのタグを付けませんか!
Thư viện lưu trữ: Trung tâm Học liệu Trường Đại học Cần Thơ
LEADER 00872nam a2200205Ia 4500
001 CTU_140820
008 210402s9999 xx 000 0 und d
020 |c 42000 
082 |a 349.597 
082 |b Ch305 
100 |a Nguyễn, Đức Chiến 
245 0 |a Pháp luật học 
245 0 |c Nguyễn Đức Chiến (chủ biên), Lê Thị Ninh 
260 |a Hà Nội 
260 |b Đại học Sư phạm Hà Nội 
260 |c 2009 
520 |a Trình bày những vấn đề cơ bản về nhà nước và pháp luật, các ngành luật trong hệ thống pháp luật Việt Nam, một số vấn đề cơ bản về luật và tư pháp quốc tế 
650 |a Law,Pháp luật học 
904 |i Hạ Nguyên 
980 |a Trung tâm Học liệu Trường Đại học Cần Thơ